[Event "Tourn. n10318"]
[Site "www.chess-mail.com"]
[Date "2020.03.21"]
[Round "1"]
[White "Ket"]
[Black "Karclop"]
[WhiteElo "2029"]
[BlackElo "1600"]
[Result "1-0"]
[Round "1"]
1.e4 e6
2.Ng1f3 d5
3.exd5 exd5
4.d4 Ng8f6
5.c4 c6
6.Nb1c3 Bf8e7
7.Bf1d3 O-O
8.h3 Rf8e8
9.O-O Nb8d7
10.Qd1c2 Nd7f8
11.Bc1g5 g6
12.Rf1e1 Nf8e6
13.Bg5h4 Ne6g7
14.Re1e2 Bc8f5
15.Ra1e1 Bf5xd3
16.Qc2xd3 Ng7e6
17.Re2e5 dxc4
18.Qd3xc4 Nf6d7
19.Re5xe6 fxe6
20.Qc4xe6 Kf8
21.Bh4xe7 Re8xe7
22.Qe6d6 Nd7b6
23.Qd6f6 Ke8
24.Qf6h8 Kd7
25.Nf3e5 Kc7
26.Nc3b5 cxb5
27.Re1c1 Kd6
28.Qh8f6 Kd5
29.Rc1c5 Ke4
30.Qf6f3 Kxd4
31.Qf3e3 
1-0

[Event "Match"]
[Site "www.echecsemail.com"]
[Date "2020.03.21"]
[Round "1"]
[White "Micheles"]
[Black "Ket"]
[WhiteElo "2600"]
[BlackElo "999"]
[Result "1-0"]
[Round "1"]
1.d4 Ng8f6
2.Ng1f3 d5
3.Bc1g5 e6
4.Nb1d2 c5
5.e3 Nb8c6
6.c3 Bf8e7
7.Bf1d3 O-O
8.O-O Qd8c7
9.Rf1e1 Bc8d7
10.dxc5 a5
11.e4 dxe4
12.Nd2xe4 Nf6d5
13.Qd1d2 Rf8e8
14.Bg5xe7 Nc6xe7
15.Ra1d1 Bd7c6
16.Ne4d6 Re8f8
17.Nf3e5 Ra8d8
18.Bd3xh7 Kxh7
19.Nd6xf7 Nd5f6
20.Nf7xd8 { resign }
1-0

[Event "Match"]
[Site "www.echecsemail.com"]
[Date "2020.03.21"]
[Round "1"]
[White "Storzman"]
[Black "Ket"]
[WhiteElo "2310"]
[BlackElo "999"]
[Result "1-0"]
[Round "1"]
1.Ng1f3 d5
2.d4 e6
3.e3 Ng8f6
4.Bf1d3 c5
5.b3 Bf8d6
6.Nb1d2 Nb8c6
7.Bc1b2 O-O
8.O-O Rf8e8
9.Nf3e5 Qd8c7
10.f4 cxd4
11.exd4 Bc8d7
12.Nd2f3 Ra8c8
13.Ne5xd7 Nf6xd7
14.Nf3e5 Bd6xe5
15.fxe5 Qc7b6
16.Kh1 Re8f8
17.Qd1h5 h6
18.c3 a5
19.Bb2c1 Nc6e7
20.Bc1xh6 Ne7f5
21.Bh6xg7 Kxg7
22.Qh5g5 Kh8
23.Rf1f3 { resign }
1-0

[Event "Tourn. n10284"]
[Site "www.chess-mail.com"]
[Date "2020.03.21"]
[Round "1"]
[White "Fabos12"]
[Black "Agmdiazj"]
[WhiteElo "1510"]
[BlackElo "1579"]
[Result "0-1"]
[Round "1"]
1.d4 Ng8f6
2.Ng1f3 g6
3.g3 Bf8g7
4.Bf1g2 O-O
5.O-O d6
6.Rf1e1 Nb8d7
7.c4 c5
8.d5 b5
9.cxb5 a6
10.Nb1c3 Qd8a5
11.bxa6 Bc8xa6
12.Bc1d2 Rf8b8
13.Qd1c2 Qa5c7
14.Nf3g5 Nd7b6
15.Ra1d1 Nb6c4
16.Bd2c1 h6
17.Ng5e4 Nf6d7
18.Ne4d2 Nd7b6
19.Nd2xc4 Nb6xc4
20.b3 Nc4e5
21.f4 Ne5d7
22.e4 c4
23.Nc3e2 Qc7b6
24.Kh1 cxb3
25.axb3 Qb6xb3
26.Qc2c7 Ba6xe2
27.Rd1d2 Rb8b7
28.Qc7c6 Be2a6
29.Rd2b2 Bg7xb2
{ resign }
0-1

[Event "Tourn. n10314"]
[Site "www.chess-mail.com"]
[Date "2020.03.22"]
[Round "1"]
[White "Numanoid"]
[Black "Chessutopia"]
[WhiteElo "2800"]
[BlackElo "2850"]
[Result "1-0"]
[Round "1"]
1.e4 c5
2.Ng1f3 a6
3.b4 cxb4
4.a3 e6
5.Bc1b2 b5
6.Bf1d3 Bc8b7
7.axb4 Ng8f6
8.Bb2xf6 Qd8xf6
9.c3  { time }
1-0

[Event "Pariolinius great tourney"]
[Site "www.echecsemail.com"]
[Date "2020.03.22"]
[Round "1"]
[White "Fegatux"]
[Black "Ket"]
[WhiteElo "2250"]
[BlackElo "2029"]
[Result "0-1"]
[Round "1"]
1.d4 Ng8f6
2.c4 e6
3.g3 c5
4.d5 d6
5.Bf1g2 Bf8e7
6.Nb1c3 O-O
7.Ng1f3 Nb8d7
 { time }
0-1

[Event "Tourn. n10275"]
[Site "www.chess-mail.com"]
[Date "2020.03.22"]
[Round "1"]
[White "Pdebonis"]
[Black "Seger"]
[WhiteElo "2720"]
[BlackElo "2810"]
[Result "1/2-1/2"]
[Round "1"]
1.d4 d5
2.c4 e6
3.Nb1c3 Ng8f6
4.cxd5 exd5
5.Bc1g5 c6
6.e3 h6
7.Bg5h4 Bf8e7
8.Bf1d3 O-O
9.Ng1e2 Rf8e8
10.O-O Nb8d7
11.f3 b5
12.a3 a5
13.Bh4f2 Nd7b6
14.Qd1c1 Be7f8
15.Qc1c2 Nb6c4
16.e4 dxe4
17.Nc3xe4 Nf6xe4
18.fxe4 Qd8g5
19.e5 Ra8b8
20.Rf1e1 Nc4e3
21.Bf2xe3 Qg5xe3
22.Kh1 c5
23.Bd3xb5 Rb8xb5
24.Ne2c3 Rb5xb2
25.Qc2xb2 Qe3xd4
26.Re1e4 Qd4d7
27.Ra1d1 { draw }
1/2-1/2

[Event "Tourn. n10311"]
[Site "www.chess-mail.com"]
[Date "2020.03.22"]
[Round "1"]
[White "Cal"]
[Black "Vasylpuzanov"]
[WhiteElo "1720"]
[BlackElo "1600"]
[Result "1-0"]
[Round "1"]
1.c4 d5
2.cxd5 Qd8xd5
3.d4 Nb8c6
4.a3 Qd5xd4
5.Nb1c3 Qd4xd1
6.Nc3xd1 e5
7.e4 Bc8d7
8.Ng1f3 O-O-O
{ time. }
1-0

[Event "Tourn. n10319"]
[Site "www.chess-mail.com"]
[Date "2020.03.22"]
[Round "1"]
[White "Vasylpuzanov"]
[Black "Ket"]
[WhiteElo "1560"]
[BlackElo "2029"]
[Result "0-1"]
[Round "1"]
1.e4 c5
2.Ng1f3 Nb8c6
3.d4 cxd4
4.Nf3xd4 Ng8f6
5.Nb1c3 e6
6.Bc1e3 Bf8b4
7.h3 { time. }
0-1

[Event "1/32 Finale"]
[Site "www.chess-mail.com"]
[Date "2020.03.22"]
[Round "1"]
[White "Ffdd65"]
[Black "Stepanpech"]
[WhiteElo "2300"]
[BlackElo "2670"]
[Result "0-1"]
[Round "1"]
1.e4 e5
2.Ng1f3 Nb8c6
3.d4 exd4
4.Nf3xd4 Bf8c5
5.Nd4xc6 Qd8f6
6.Qd1f3 dxc6
7.Bf1e2 Qf6xf3
8.Be2xf3 Bc8e6
9.O-O O-O-O
10.Nb1c3 Ng8f6
11.b3 Bc5d4
12.Bc1b2 Rh8e8
13.Ra1b1 g5
14.h3 h5
15.Bf3d1 g4
16.Kh2 gxh3
17.gxh3 Bd4e5
18.f4 Rd8d2
19.Kg3 Be5xc3
20.Bd1f3 h4
21.Kxh4 Re8h8
22.Kg5 Rd2g2
23.Bf3g4 Nf6xe4

0-1

[Event "Tourn. n10313"]
[Site "www.chess-mail.com"]
[Date "2020.03.22"]
[Round "1"]
[White "Filidor"]
[Black "Fegatux"]
[WhiteElo "2270"]
[BlackElo "2250"]
[Result "1-0"]
[Round "1"]
1.e4 c5
2.Ng1f3 g6
3.d4 cxd4
4.Nf3xd4 Bf8g7
5.c4 Nb8c6
6.Bc1e3 Ng8f6
7.Nb1c3 O-O
8.Bf1e2 Qd8a5
9.O-O d6
10.a3 Bc8d7
11.b4  { time }
1-0

[Event "Tourn. n10303"]
[Site "www.chess-mail.com"]
[Date "2020.03.22"]
[Round "1"]
[White "Tartan"]
[Black "Jazzy"]
[WhiteElo "2460"]
[BlackElo "2230"]
[Result "1/2-1/2"]
[Round "1"]
1.e4 d5
2.exd5 Qd8xd5
3.Nb1c3 Qd5d8
4.Ng1f3 Ng8f6
5.Bf1c4 e6
6.O-O Bf8e7
7.d4 O-O
8.Qd1e2 c6
9.Bc1g5 Nf6d5
10.Nc3xd5 Be7xg5
11.Nd5c7 Qd8xc7
12.Nf3xg5 h6
13.Ng5e4 Nb8d7
14.c3 b5
15.Bc4d3 f5
16.Ne4d2 e5
17.dxe5 Nd7xe5
18.Bd3c2 Ne5g4
19.Nd2f3 Bc8d7
20.Bc2b3 { draw }
1/2-1/2

[Event "Tourn. n10308"]
[Site "www.chess-mail.com"]
[Date "2020.03.22"]
[Round "1"]
[White "Amaya"]
[Black "Ditto"]
[WhiteElo "1970"]
[BlackElo "2010"]
[Result "1/2-1/2"]
[Round "1"]
1.d4 d5
2.e3 Nb8c6
3.c3 Bc8f5
4.Bf1d3 Bf5xd3
5.Qd1xd3 e6
6.Nb1d2 Bf8d6
7.f4 Qd8h4
8.g3 Qh4d8
9.Ng1f3 Qd8f6
10.O-O Ng8e7
11.Nf3e5 O-O
12.Ne5d7 Qf6h6
13.Nd7xf8 Ra8xf8
14.Nd2f3 Ne7f5
15.Nf3e5 Nc6e7
16.Ne5g4 Qh6g6
17.Ng4e5 Bd6xe5
18.fxe5 Qg6g4
{ draw }
1/2-1/2

[Event "Tourn. n10308"]
[Site "www.chess-mail.com"]
[Date "2020.03.22"]
[Round "1"]
[White "Roque1"]
[Black "Hundegana"]
[WhiteElo "1940"]
[BlackElo "1990"]
[Result "0-1"]
[Round "1"]
1.e4 c5
2.Ng1f3 b6
3.Bf1b5 Bc8a6
4.Nb1c3 e6
5.d4 Ng8f6
6.Bb5xa6 Nb8xa6
7.Bc1g5 h6
8.Bg5h4 g5
9.Bh4g3 Bf8g7
10.O-O O-O
11.Bg3d6 Rf8e8
12.e5 Nf6d5
13.Nc3xd5 exd5
 { time }
0-1

[Event "Pariolinius great tourney"]
[Site "www.echecsemail.com"]
[Date "2020.03.22"]
[Round "1"]
[White "Fegatux"]
[Black "Coraza"]
[WhiteElo "2250"]
[BlackElo "1900"]
[Result "0-1"]
[Round "1"]
1.d4 g6
2.c4 d5
3.g3 dxc4
4.Bf1g2 Bf8g7
5.Ng1f3 Nb8c6
6.O-O Ng8f6
7.Qd1a4 Bc8e6
 { time }
0-1

[Event "Pariolinius great tourney"]
[Site "www.echecsemail.com"]
[Date "2020.03.22"]
[Round "1"]
[White "Coraza"]
[Black "Fegatux"]
[WhiteElo "1900"]
[BlackElo "2250"]
[Result "1-0"]
[Round "1"]
1.Ng1f3 Ng8f6
2.Nb1c3 d5
3.d4 e6
4.a3 c5
5.Bc1e3 b6
6.g3 Nb8c6
7.dxc5 bxc5
8.Bf1h3  { time }
1-0

[Event "Tourn. n10308"]
[Site "www.chess-mail.com"]
[Date "2020.03.23"]
[Round "1"]
[White "Krokolis"]
[Black "Roque1"]
[WhiteElo "2009"]
[BlackElo "1940"]
[Result "1-0"]
[Round "1"]
1.c4 e6
2.d4 d5
3.Nb1c3 Bf8b4
4.Ng1f3 Ng8f6
5.e3 Nb8c6
6.Bf1d3 dxc4
7.Bd3xc4 O-O
8.Bc4d3 e5
9.dxe5 Nf6d5
10.Qd1c2  { time }
1-0

[Event "Tourn. n10312"]
[Site "www.chess-mail.com"]
[Date "2020.03.23"]
[Round "1"]
[White "Roque1"]
[Black "Hundegana"]
[WhiteElo "1930"]
[BlackElo "1990"]
[Result "0-1"]
[Round "1"]
1.e4 c5
2.Ng1f3 b6
3.d4 cxd4
4.Nf3xd4 Bc8b7
5.Nb1c3 e6
6.Bf1e2 a6
7.O-O Bf8c5
8.Bc1e3 Ng8e7
9.Qd1d2 Nb8c6
10.Ra1d1 Qd8c7
11.Be3f4 e5
 { time }
0-1

[Event "Match"]
[Site "www.echecsemail.com"]
[Date "2020.03.23"]
[Round "1"]
[White "Eeze"]
[Black "Madz123456"]
[WhiteElo "1730"]
[BlackElo "1820"]
[Result "0-1"]
[Round "1"]
1.e4 c5
2.c3 d5
3.exd5 Qd8xd5
4.h3 e5
5.c4 Qd5d6
6.Nb1c3 Nb8c6
7.Nc3d5 Ng8e7
8.Nd5xe7 Bf8xe7
9.a3 O-O
10.d3 Rf8d8
 { time }
0-1

[Event "Match"]
[Site "www.echecsemail.com"]
[Date "2020.03.23"]
[Round "1"]
[White "Eeze"]
[Black "Andychesston"]
[WhiteElo "1700"]
[BlackElo "1880"]
[Result "0-1"]
[Round "1"]
1.e4 e5
2.Ng1f3 Nb8c6
3.c3 d6
4.h3 f5
5.exf5 Bc8xf5
6.Bf1b5 a6
7.Bb5a4 b5
8.Ba4c2 e4
9.Nf3d4 Nc6xd4
10.cxd4 d5
11.a3 Ng8f6
12.d3 Bf8e7
13.Nb1c3 O-O
14.b4 Qd8e8
15.O-O c6
16.dxe4 dxe4
17.Rf1e1 Be7d6
18.d5 cxd5
 { time }
0-1

[Event "Match"]
[Site "www.echecsemail.com"]
[Date "2020.03.24"]
[Round "1"]
[White "Johndyson"]
[Black "Ket"]
[WhiteElo "2570"]
[BlackElo "999"]
[Result "1-0"]
[Round "1"]
1.g3 d5
2.Ng1f3 Ng8f6
3.Bf1g2 e6
4.O-O c5
5.d4 Nb8c6
6.c4 Bf8e7
7.dxc5 Be7xc5
8.a3 O-O
9.b4 Bc5e7
10.Nb1d2 Qd8c7
11.Qd1c2 dxc4
12.Nd2xc4 Nf6d5
13.Bc1b2 Be7f6
14.Bb2xf6 Nd5xf6
15.Nc4e5 Bc8d7
16.b5 { resign }
1-0

[Event "Match"]
[Site "www.echecsemail.com"]
[Date "2020.03.24"]
[Round "1"]
[White "Euwe1983"]
[Black "Whitekknight"]
[WhiteElo "1289"]
[BlackElo "1880"]
[Result "0-1"]
[Round "1"]
1.Nb1a3 d5
2.d4 Ng8f6
3.c4 c5
4.dxc5 Qd8a5
5.Bc1d2 Qa5xc5
6.cxd5 Nf6xd5
7.Qd1a4 Bc8d7
8.b4 Qc5d4
9.e3 Qd4xa1
10.Qa4d1 Qa1xa2
11.Bf1c4 Qa2xa3
12.Bc4xd5 Nb8c6
13.Ng1f3 Ra8c8
14.Bd5xf7 Kxf7
15.Nf3g5 Ke8
16.b5 Nc6e5
17.O-O Ne5g6
18.Qd1h5 Qa3d6
19.Bd2c3 Rc8xc3
20.Ng5f7 Kxf7
21.Qh5f5 Bd7xf5
{ resign }
0-1

[Event "Match"]
[Site "www.echecsemail.com"]
[Date "2020.03.24"]
[Round "1"]
[White "Andychesston"]
[Black "Usmehs"]
[WhiteElo "1800"]
[BlackElo "2250"]
[Result "0-1"]
[Round "1"]
1.e4 c5
2.Ng1f3 d6
3.d4 cxd4
4.Nf3xd4 Ng8f6
5.Bf1b5 Bc8d7
6.Nb1c3 a6
7.Bb5c4 g6
8.Bc4xf7 Kxf7
9.O-O Bf8g7
10.Nd4f3 Rh8f8
11.Rf1e1 Bd7g4
12.Re1e3 Kg8
13.Qd1d3 Bg4xf3
14.Re3xf3 Nb8d7
15.Qd3c4 Kh8
16.Bc1e3 Nd7e5
17.Qc4e6 Ne5xf3
18.gxf3 Qd8d7
19.Qe6b3 b5
20.Ra1d1 Qd7h3
21.Kh1 Qh3xf3
22.Kg1 Nf6xe4
23.Nc3xe4 Qf3xe4
24.Rd1d5 Rf8f5
25.Rd5d3 Bg7e5
26.f4 Be5g7
27.Rd3d2 Ra8f8
28.Qb3d3 Qe4xd3
29.Rd2xd3 h6
30.Kg2 Bg7f6
31.Kf3 d5
32.Rd3a3 Rf8a8
33.c3 Bf6e5
34.h4 e6
35.Kg3 Be5d6
36.b4 g5
37.hxg5 hxg5
38.Be3d4 Kg8
39.Kg4 gxf4
40.Ra3b3 f3
41.Bd4f2 Kf7
42.Rb3b1 Ra8g8
43.Kh3 Rf5h5
{ resign }
0-1

[Event "Tourn. n10296"]
[Site "www.chess-mail.com"]
[Date "2020.03.24"]
[Round "1"]
[White "Rons"]
[Black "Said13"]
[WhiteElo "2620"]
[BlackElo "2610"]
[Result "1-0"]
[Round "1"]
1.e4 c5
2.Ng1f3 Nb8c6
3.Bf1b5 a6
4.Bb5xc6 bxc6
5.Nb1c3 Qd8c7
6.d4 cxd4
7.Qd1xd4 d6
8.e5  { time }
1-0

[Event "Match"]
[Site "www.echecsemail.com"]
[Date "2020.03.24"]
[Round "1"]
[White "Estonia"]
[Black "Ket"]
[WhiteElo "1910"]
[BlackElo "1970"]
[Result "1/2-1/2"]
[Round "1"]
1.Ng1f3 d5
2.d4 Ng8f6
3.Bc1f4 e6
4.e3 c5
5.Bf1b5 Bc8d7
6.a4 Nb8c6
7.dxc5 Bf8xc5
8.Nb1d2 O-O
9.O-O a6
10.Bb5xc6 Bd7xc6
11.Nf3d4 Qd8b6
12.Nd4xc6 bxc6
13.b3 Rf8e8
14.Bf4e5 Nf6d7
15.Be5g3 Nd7f6
16.Bg3e5 Bc5e7
17.Qd1f3 Qb6b4
18.Ra1d1 c5
19.Be5xf6 Be7xf6
20.e4 Bf6c3
21.Nd2b1 Bc3f6
22.exd5 exd5
23.Rd1xd5 Ra8c8
24.g3 c4
25.Rf1d1 cxb3
26.cxb3 Rc8b8
27.Nb1d2 Bf6c3
28.Nd2f1 Qb4xb3
29.Rd1d3 Rb8c8
30.Kg2 Qb3b4
31.Rd5d7 Bc3f6
32.Qf3d5 Re8f8
33.Nf1e3 Qb4xa4
34.Rd3d2 Qa4b5
35.Qd5xb5 axb5
36.Rd7b7 Bf6c3
37.Rd2d5 b4
38.Ne3c2 Rc8b8
39.Rd5b5 Rb8xb7
40.Rb5xb7 g6
41.h4 Rf8d8
42.Nc2xb4 Rd8d2
43.Nb4c6 Rd2c2
44.Kf3 Bc3e1
45.Nc6e7 Kg7
46.Kg4 Be1xf2
47.Ne7d5 Rc2d2
48.Nd5f4 Rd2a2
49.Rb7b3 h6
50.Nf4d3 Ra2a4
51.Kh3 h5
52.Nd3xf2 Ra4c4
53.Nf2d3 Rc4c7
54.Nd3f4 Rc7d7
55.Rb3d3 Rd7e7
56.g4 Re7e4
57.Nf4xh5 gxh5
58.gxh5 Kh6
59.Rd3f3 Kxh5
60.Rf3xf7 Re4xh4
{ draw }
1/2-1/2

[Event "Tourn. n10297"]
[Site "www.chess-mail.com"]
[Date "2020.03.24"]
[Round "1"]
[White "Ff333"]
[Black "Fantomas"]
[WhiteElo "2000"]
[BlackElo "2190"]
[Result "1-0"]
[Round "1"]
1.e4 c6
2.Ng1f3 d5
3.e5 d4
4.d3 h6
5.c3 dxc3
6.Nb1xc3 Bc8f5
7.d4 e6
8.Bf1d3 Bf5xd3
9.Qd1xd3 Ng8e7
10.O-O Ne7g6
11.g3 Bf8c5
12.Rf1d1 Bc5b6
13.Bc1e3 O-O
14.Nc3e4 Nb8a6
15.a3 Na6c7
16.Ne4c5 Ra8b8
17.Nc5a4 Nc7d5
18.Be3d2 Bb6c7
19.Na4c5 Bc7b6
20.Nc5e4 Ng6e7
21.Ne4d6 Ne7c8
22.Nd6e4 Nd5e7
23.Bd2b4 Rf8e8
24.Ne4d6 Nc8xd6
25.Bb4xd6 Rb8c8
26.Nf3h4 c5
27.dxc5 Bb6xc5
28.Bd6xc5 Ne7c6
29.Qd3xd8 Rc8xd8
30.Bc5d6 Rd8d7
31.f4 Re8d8
32.Rd1d2 f6
33.Rd2e2 Kf7
34.Ra1d1 g5
35.Nh4g2 a6
36.h4 f5
37.hxg5 hxg5
38.Ng2e1 g4
39.Ne1c2 Nc6a5
40.Nc2e3 b5
41.Rd1c1 Na5b3
42.Rc1d1 Nb3c5
43.Bd6xc5 Rd7xd1
44.Ne3xd1 Rd8xd1
45.Kf2 Rd1d5
46.Bc5d6 Rd5d3
47.Re2c2 Rd3f3
48.Kg2 Rf3b3
49.Bd6b4 Ke8
50.Bb4c3 { resign }
1-0

[Event "Tourn. n10315"]
[Site "www.chess-mail.com"]
[Date "2020.03.24"]
[Round "1"]
[White "Coolant"]
[Black "Virgil08bv"]
[WhiteElo "2390"]
[BlackElo "2720"]
[Result "0-1"]
[Round "1"]
1.c4 e5
2.Nb1c3 Ng8f6
3.Ng1f3 Nb8c6
4.e4 Bf8b4
5.d3 d6
6.Bc1g5 h6
7.Bg5h4 Bb4c5
8.Bf1e2 g5
9.Bh4g3 Nf6h5
10.a3 a5
11.Nc3a4 Bc5a7
12.Ra1b1 g4
13.Nf3d2 Qd8g5
14.b4 axb4
15.axb4 Nc6d4
16.Rb1a1 O-O
17.Nd2b3 Nd4xb3
18.Qd1xb3 Ba7d4
19.Ra1a2 b5
20.Na4b2 Ra8xa2
21.Qb3xa2 Bd4c3
22.Kf1 Qg5d2
{ resign }
0-1

[Event "Tourn. n10318"]
[Site "www.chess-mail.com"]
[Date "2020.03.24"]
[Round "1"]
[White "Cal"]
[Black "Ket"]
[WhiteElo "1730"]
[BlackElo "2029"]
[Result "0-1"]
[Round "1"]
1.c4 Ng8f6
2.Nb1c3 g6
3.e4 d6
4.h3 Bf8g7
5.d3 O-O
6.Ng1f3 c5
7.Bf1e2 Nb8c6
8.a3 a5
9.O-O e6
10.b3 Bc8d7
11.Bc1g5 h6
12.Bg5xf6 Bg7xf6
13.Nf3h2 Bf6xc3
14.Qd1c2 Bc3xa1
15.Rf1xa1 Qd8f6
16.f3 Qf6xa1
17.Kf2 Nc6d4
18.Qc2d2 Kg7
19.Nh2f1 Qa1xa3
20.Be2d1 Nd4xb3
21.Bd1xb3 Qa3xb3
22.f4 a4
23.Nf1e3 a3
24.Ne3c2 a2
25.Nc2a1 Qb3b1
26.Na1c2 Bd7a4
27.Nc2a3 a1Q
28.Na3xb1 Qa1xb1
29.Kg3 b5
30.cxb5 Ba4xb5
31.h4 Qb1xd3
32.Qd2xd3 Bb5xd3
33.e5 d5
{ resign }
0-1

[Event "Tourn. n10284"]
[Site "www.chess-mail.com"]
[Date "2020.03.24"]
[Round "1"]
[White "Hansen"]
[Black "Fabos12"]
[WhiteElo "1650"]
[BlackElo "1510"]
[Result "0-1"]
[Round "1"]
1.e4 e6
2.Ng1f3 c6
3.a3 d5
4.c3 dxe4
5.Nf3e5 Bf8d6
6.Ne5c4 Bd6c7
7.Qd1g4 Ng8f6
8.Qg4xg7 Rh8g8
9.Qg7h6 b5
10.Nc4e3 Rg8g6
11.Qh6h4 Bc8b7
12.f3 a6
13.g4 c5
14.g5 exf3
15.Rh1g1 Nf6e4
16.Rg1g4 Ne4xg5
17.d3 Nb8d7
18.c4 Nd7e5
19.h3 Ne5xd3
20.Bf1xd3 Qd8xd3
21.Qh4f2 Ng5xh3
22.Qf2d2 f2
23.Kd1 f1Q
24.Ne3xf1 Qd3xf1
25.Kc2 Rg6xg4
26.Qd2c3 Rg4xc4
27.Nb1d2 Rc4xc3
28.bxc3 Qf1f5
29.Kb2 Qf5d3
30.Nd2b3 c4
31.Nb3c5 Qd3e2
32.Kb1 Bb7f3
33.Ra1a2 Qe2e5
34.Nc5b7 Bf3xb7
{ resign }
0-1

[Event "Tourn. n10323"]
[Site "www.chess-mail.com"]
[Date "2020.03.24"]
[Round "1"]
[White "Jose"]
[Black "D4minance"]
[WhiteElo "2860"]
[BlackElo "2890"]
[Result "1/2-1/2"]
[Round "1"]
1.d4 Ng8f6
2.c4 g6
3.Nb1c3 d5
4.Ng1f3 Bf8g7
5.Qd1b3 dxc4
6.Qb3xc4 O-O
7.e4 a6
8.Bf1e2 b5
9.Qc4b3 c5
10.dxc5 Bc8e6
11.Qb3c2 Nb8d7
12.Bc1e3 Ra8c8
13.Ra1d1 b4
14.Nc3d5 Be6xd5
15.exd5 Nd7xc5
16.O-O a5
17.Be2c4 Nc5e4
18.Qc2e2 Qd8c7
19.Bc4b3 Nf6g4
20.Be3d4 Ne4g5
21.g3 Ng5xf3
22.Qe2xf3 h5
23.h3 Ng4h6
24.d6 exd6
25.Qf3f4 Rf8e8
26.Bd4xg7 Kxg7
27.Qf4xd6 { draw }
1/2-1/2

[Event "Match"]
[Site "www.echecsemail.com"]
[Date "2020.03.24"]
[Round "1"]
[White "Geodad5"]
[Black "Stevep84"]
[WhiteElo "2070"]
[BlackElo "2260"]
[Result "0-1"]
[Round "1"]
1.e4 c6
2.d4 d5
3.e5 c5
4.c3 Nb8c6
5.Bc1e3 cxd4
6.cxd4 Qd8b6
7.Qd1d2 Bc8f5
8.a3 e6
9.Nb1c3 Ng8e7
10.Bf1b5 a6
11.Bb5a4 Bf5g6
12.Ng1e2 Ne7f5
13.O-O Bf8e7
14.Ra1c1 O-O
15.g4 Nf5xe3
16.fxe3 Qb6d8
17.Ne2f4 b5
18.Nf4xg6 hxg6
19.Ba4c2 Be7g5
20.Nc3e2 Nc6a5
21.b3 Ra8c8
22.Ne2f4 Rc8c6
23.Rf1f3 Qd8c7
24.Nf4d3 Bg5e7
25.b4 Na5c4
26.Qd2f2 Nc4xa3
27.Nd3c5 Be7xc5
28.dxc5 Na3xc2
29.Rc1xc2 Qc7xe5
30.Rf3h3 g5
31.Rc2b2 g6
32.Rh3f3 f5
33.h3 Rc6c8
34.gxf5 gxf5
35.Qf2g2 Rc8c7
36.Rf3g3 Rc7g7
37.Rg3xg5 Qe5xe3
{ resign }
0-1

[Event "Tourn. n10272"]
[Site "www.chess-mail.com"]
[Date "2020.03.24"]
[Round "1"]
[White "Diselman"]
[Black "Madz123456"]
[WhiteElo "1750"]
[BlackElo "1770"]
[Result "0-1"]
[Round "1"]
1.d4 Ng8f6
2.c4 e6
3.Nb1c3 Bf8b4
4.e3 b6
5.Bf1d3 Bc8b7
6.Ng1f3 Bb4xc3
7.bxc3 O-O
8.O-O d6
9.Nf3d2 e5
10.h3 e4
11.Bd3c2 Nb8d7
12.a4 a5
13.Bc1a3 g6
14.Qd1b1 Qd8e7
15.Qb1b5 c6
16.Qb5g5 c5
17.Ra1b1 Kg7
18.Qg5g3 Ra8c8
19.Bc2d1 Nf6e8
20.Qg3h2 f5
21.h4 h5
22.Qh2f4 Ne8f6
23.Qf4g5 Rf8e8
24.Rf1e1 Rc8d8
25.f3 Re8f8
26.Qg5g3 Rf8f7
27.Bd1c2 Rd8a8
28.Re1e2 Ra8d8
29.Rb1e1 Rd8g8
30.Re1b1 Kh8
31.Qg3g5 Qe7f8
32.Kf2 Nf6h7
33.Qg5f4 Qf8e7
 { time }
0-1

[Event "Match"]
[Site "www.echecsemail.com"]
[Date "2020.03.24"]
[Round "1"]
[White "Elynhajdur"]
[Black "Laraewaunnur"]
[WhiteElo "1809"]
[BlackElo "2619"]
[Result "1-0"]
[Round "1"]
1.e4 c6
2.d4 d5
3.Nb1c3 dxe4
4.Nc3xe4 Bc8g4
5.Qd1xg4 e6
6.Ng1f3 Ng8f6
7.Bc1g5 h6
8.Bg5xf6 gxf6
9.Bf1c4 Bf8b4
10.c3 Bb4d6
11.Ne4xd6 Qd8xd6
12.O-O Nb8d7
13.Rf1d1 Rh8g8
14.Qg4h5 { resign }
1-0

[Event "Match"]
[Site "www.echecsemail.com"]
[Date "2020.03.24"]
[Round "1"]
[White "Laraewaunnur"]
[Black "Elynhajdur"]
[WhiteElo "2619"]
[BlackElo "1809"]
[Result "0-1"]
[Round "1"]
1.e4 e5
2.Ng1f3 Nb8c6
3.Bf1b5 d6
4.d4 Bc8d7
5.Nb1c3 Bf8e7
6.dxe5 dxe5
7.Nf3xe5 Nc6xe5
8.Qd1xd7 Ne5xd7
9.Bb5xd7 Qd8xd7
10.O-O O-O-O
11.Bc1f4 Ng8f6
12.Rf1d1 Qd7c6
13.Rd1xd8 Be7xd8
14.Nc3d5 Nf6xe4
{ resign }
0-1

[Event "Tourn. n10327"]
[Site "www.chess-mail.com"]
[Date "2020.03.24"]
[Round "1"]
[White "Estonia"]
[Black "Ket"]
[WhiteElo "1910"]
[BlackElo "2090"]
[Result "0-1"]
[Round "1"]
1.Ng1f3 d5
2.d4 Ng8f6
3.c4 e6
4.Nb1c3 c5
5.Bc1g5 cxd4
6.Nf3xd4 dxc4
7.e4 Bf8e7
8.Bf1xc4 O-O
9.O-O Qd8a5
10.Nd4b3 Qa5xg5
11.f4 Qg5h5
12.Bc4e2 Qh5g6
13.e5 Rf8d8
14.Qd1e1 Nf6d5
15.Nc3xd5 Rd8xd5
16.Be2f3 Rd5d8
17.Bf3e4 f5
18.exf6 Qg6xf6
19.Qe1f2 Nb8c6
20.Ra1d1 Rd8f8
21.Be4xc6 bxc6
22.Nb3a5 Bc8a6
23.Na5xc6 Ba6xf1
24.Nc6xe7 Qf6xe7
25.Rd1xf1 Ra8c8
26.h3 Qe7c5
27.Qf2xc5 Rc8xc5
{ resign }
0-1

[Event "Match"]
[Site "www.echecsemail.com"]
[Date "2020.03.24"]
[Round "1"]
[White "Elynhajdur"]
[Black "Anemoa"]
[WhiteElo "2539"]
[BlackElo "2339"]
[Result "1-0"]
[Round "1"]
1.e4 e6
2.d4 d5
3.Nb1d2 Ng8f6
4.e5 Nf6d7
5.Bf1d3 c5
6.c3 Nb8c6
7.Ng1e2 cxd4
8.cxd4 f6
9.exf6 Nd7xf6
10.O-O Bf8d6
11.Ne2g3 O-O
12.Nd2f3 Bd6xg3
13.fxg3 Qd8b6
14.Nf3g5 Bc8d7
15.Bd3xh7 { resign }
1-0

[Event "Tourn. n10296"]
[Site "www.chess-mail.com"]
[Date "2020.03.24"]
[Round "1"]
[White "Said13"]
[Black "D4minance"]
[WhiteElo "2610"]
[BlackElo "2880"]
[Result "0-1"]
[Round "1"]
1.c4 Ng8f6
2.Nb1c3 g6
3.g3 Bf8g7
4.Bf1g2 O-O
5.Ng1f3 d5
6.cxd5 Nf6xd5
7.O-O Nb8c6
8.d4 Nd5b6
 { time }
0-1

[Event "Tourn. n10324"]
[Site "www.chess-mail.com"]
[Date "2020.03.25"]
[Round "1"]
[White "Iko"]
[Black "Cal"]
[WhiteElo "1710"]
[BlackElo "1660"]
[Result "0-1"]
[Round "1"]
1.e4 e5
2.Ng1f3 d6
3.Bf1d3 h6
4.O-O a6
5.b3 Bc8g4
6.h3 Bg4h5
7.g4 Bh5g6
8.Nb1c3 Ng8f6
9.g5 Nf6h5
10.h4 Qd8d7
11.Bd3e2 Nh5f4
12.Nc3a4 Qd7g4
13.Kh1 Qg4g2

0-1

[Event "Tourn. n10266"]
[Site "www.chess-mail.com"]
[Date "2020.03.25"]
[Round "1"]
[White "Ff333"]
[Black "Aders1"]
[WhiteElo "2020"]
[BlackElo "2259"]
[Result "0-1"]
[Round "1"]
1.e4 g6
2.d4 Bf8g7
3.Ng1f3 d6
4.Bf1d3 c6
5.O-O Bc8g4
6.h3 Bg4xf3
7.Qd1xf3 Bg7xd4
8.c3 Bd4g7
9.Nb1a3 e5
10.Bd3c4 Ng8f6
11.Bc1g5 O-O
12.Na3c2 h6
13.Bg5e3 Nb8d7
14.Qf3d1 Nf6xe4
15.Qd1c1 Kh7
16.Bc4d3 Ne4c5
17.Bd3e2 f5
18.f4 e4
19.Nc2d4 Rf8e8
20.h4 Qd8xh4
21.Be3f2 Qh4f6
22.Nd4c2 d5
23.Bf2d4 Qf6f7
24.Qc1e3 b6
25.Nc2b4 Ra8c8
26.Nb4a6 Nc5xa6
27.Be2xa6 Rc8c7
28.Ba6e2 c5
29.Bd4xg7 Kxg7
30.Be2b5 Re8d8
31.Ra1d1 Nd7f6
32.Bb5e2 Rc7d7
33.b3 d4
34.cxd4 Rd7xd4
35.Rd1xd4 Rd8xd4
36.Rf1d1 Qf7d5
37.Rd1c1 Rd4d2
38.Be2c4 Qd5d4
39.Qe3xd4 Rd2xd4
40.Rc1c2 Nf6g4
41.Rc2c1 Ng4e3
42.Bc4b5 Rd4d1
43.Rc1xd1 Ne3xd1
44.g3 Nd1c3
45.Bb5c4 Nc3xa2
46.Kf2 Kf6
47.Ke3 g5
48.Bc4d5 a5
49.Bd5c4 Na2b4
50.Bc4g8 Nb4c2
51.Kd2 Nc2d4
52.Ke3 gxf4
53.gxf4 h5
54.Kf2 Nd4e6
55.Kg3 h4
56.Kxh4 Ne6xf4
57.Kg3 Ke5
58.Kf2 Kd4
59.Bg8h7 Nf4d3
60.Kg3 f4
61.Kg2 Ke3
62.Kf1 Kf3
63.Bh7g6 Ke3
64.Bg6f5 f3
65.Bf5e6 Kd2
66.Be6d5 e3
67.Bd5xf3 Nd3f4
{ resign }
0-1

[Event "Tourn. n10302"]
[Site "www.chess-mail.com"]
[Date "2020.03.25"]
[Round "1"]
[White "Patriciomeza"]
[Black "Fantomas"]
[WhiteElo "2339"]
[BlackElo "2200"]
[Result "1-0"]
[Round "1"]
1.e4 c5
2.Ng1f3 d6
3.d4 cxd4
4.Nf3xd4 Nb8c6
5.Nb1c3 Ng8f6
6.Bc1g5 e6
7.Qd1d2 Bf8e7
8.O-O-O O-O
9.f3 Nf6h5
10.Bg5xe7 Nc6xe7
11.g4 Nh5f6
12.h4 Kh8
13.h5 Ne7g8
14.Nd4b5 d5
15.g5 Nf6e8
16.h6 g6
17.Qd2d4 f6
18.exd5 a6
19.Qd4b4 Ng8e7
20.dxe6 { resign }
1-0